[Event "Opole Termika Blitz op"]
[Site "Opole"]
[Date "2021.07.18"]
[Round "2"]
[White "Borawski, Ryszard"]
[Black "Socko, Bartosz"]
[Result "0-1"]
[WhiteElo "1817"]
[BlackElo "2619"]
[PlyCount "52"]
[EventDate "2021.07.18"]
[EventType "swiss (blitz)"]
[EventRounds "13"]
[EventCountry "POL"]
[SourceTitle "CBM 203 Extra"]
[Source "ChessBase"]
[SourceDate "2021.09.30"]
[SourceVersion "1"]
[SourceVersionDate "2021.09.30"]
[SourceQuality "1"]

1. d4 Nf6 2. Bf4 g6 3. e3 Bg7 4. Be2 0-0 5. h3 d6 6. Nf3 Nc6 7. 0-0 Re8 8. c4 Bf5 9. Bd3 e5 10. dxe5 dxe5 11. Bxf5 exf4 12. Bc2 fxe3 13. fxe3 Ne4 14. Bxe4 Rxe4 15. Qb3 Na5 16. Qb5 c6 17. Qb4 Rxc4 18. Qa3 Rc2 19. Nc3 Nc4 20. Qb3 Nxe3 21. Rf2 Rxf2 22. Kxf2 Nf5 23. Rd1 Qc7 24. Ne4 Re8 25. Qd3 Qb6+ 26. Kf1 Ne3+ 0-1

[Event "Opole Termika Rapid op"]
[Site "Opole"]
[Date "2021.07.17"]
[Round "2"]
[White "Borawski, Ryszard"]
[Black "Kowalczyk, Pawel"]
[Result "0-1"]
[WhiteElo "1817"]
[BlackElo "2357"]
[PlyCount "23"]
[EventDate "2021.07.17"]
[EventType "swiss (rapid)"]
[EventRounds "9"]
[EventCountry "POL"]
[SourceTitle "CBM 203 Extra"]
[Source "ChessBase"]
[SourceDate "2021.09.30"]
[SourceVersion "1"]
[SourceVersionDate "2021.09.30"]
[SourceQuality "1"]

1. d4 Nf6 2. Bf4 c5 3. e3 Qb6 4. Nc3 a6 5. Rb1 e6 6. Na4 Qa5+ 7. c3 cxd4 8. exd4 b5 9. Nc5 d6 10. b4 Qc7 11. Bxb5+ axb5 12. Ra1 0-1

[Event "Ostroda op 5th"]
[Site "Ostroda"]
[Date "2008.08.07"]
[Round "6.15"]
[White "Borawski, Ryszard"]
[Black "Budakow, Adrian"]
[Result "0-1"]
[WhiteElo "1827"]
[BlackElo "1886"]
[PlyCount "40"]
[EventDate "2008.08.04"]
[EventType "swiss"]
[EventRounds "9"]
[EventCountry "POL"]
[SourceTitle "EXT 2023"]
[Source "ChessBase"]
[SourceDate "2022.10.05"]
[SourceVersion "1"]
[SourceVersionDate "2022.10.05"]
[SourceQuality "1"]

1. f4 d5 2. e3 Nf6 3. Nf3 Bg4 4. c4 d4 5. Qb3 Bxf3 6. gxf3 b6 7. e4 e6 8. e5 Nh5 9. d3 Qh4+ 10. Kd1 Ng3 11. Rg1 Qxh2 12. Rxg3 Qxg3 13. Be2 h5 14. Qa4+ c6 15. Nd2 Qxf4 16. Ne4 Qxe5 17. f4 Qc7 18. Bd2 Nd7 19. Ng5 Nc5 20. Qc2 Bd6 0-1

[Event "Ostroda op 5th"]
[Site "Ostroda"]
[Date "2008.08.05"]
[Round "2.12"]
[White "Borawski, Ryszard"]
[Black "Stempka, Jerzy"]
[Result "1/2-1/2"]
[WhiteElo "1827"]
[BlackElo "1719"]
[PlyCount "48"]
[EventDate "2008.08.04"]
[EventType "swiss"]
[EventRounds "9"]
[EventCountry "POL"]
[SourceTitle "EXT 2023"]
[Source "ChessBase"]
[SourceDate "2022.10.05"]
[SourceVersion "1"]
[SourceVersionDate "2022.10.05"]
[SourceQuality "1"]

1. f4 d5 2. e3 Nf6 3. Nf3 c5 4. Nc3 g6 5. b3 Bg7 6. Bb2 0-0 7. Bd3 Nc6 8. 0-0 a6 9. a4 Nb4 10. Be2 Bf5 11. Ne1 d4 12. Na2 Nfd5 13. Nxb4 Nxb4 14. g4 Bd7 15. Nd3 Nxd3 16. Bxd3 Bc6 17. Qe2 dxe3 18. Bxg7 Kxg7 19. dxe3 Qd5 20. e4 Qd4+ 21. Qf2 Rad8 22. Rad1 Bxe4 23. Bxe4 Qxe4 24. Rde1 Qb4 1/2-1/2

[Event "Ostroda op 5th"]
[Site "Ostroda"]
[Date "2008.08.05"]
[Round "3.10"]
[White "Wodzynska, Zofia"]
[Black "Borawski, Ryszard"]
[Result "1-0"]
[WhiteElo "1525"]
[BlackElo "1827"]
[PlyCount "46"]
[EventDate "2008.08.04"]
[EventType "swiss"]
[EventRounds "9"]
[EventCountry "POL"]
[SourceTitle "EXT 2023"]
[Source "ChessBase"]
[SourceDate "2022.10.05"]
[SourceVersion "1"]
[SourceVersionDate "2022.10.05"]
[SourceQuality "1"]

1. e4 c5 2. Nf3 Nc6 3. d4 cxd4 4. Nxd4 e5 5. Nb5 d6 6. N1c3 a6 7. Na3 Nf6 8. Bd3 Be7 9. Nc4 b5 10. Ne3 0-0 11. 0-0 Ne8 12. f4 exf4 13. Rxf4 Bg5 14. Rf2 Ne5 15. Be2 Be6 16. a3 Rc8 17. Ng4 Ng6 18. Rf1 f5 19. exf5 Bxc1 20. Rxc1 Nh4 21. fxe6 Qg5 22. Rxf8+ Kxf8 23. Qf1+ Nf6 1-0

[Event "Ketrzyn op"]
[Site "Ketrzyn"]
[Date "2007.12.29"]
[Round "7"]
[White "Baran, Dawid"]
[Black "Borawski, Ryszard"]
[Result "0-1"]
[WhiteElo "1652"]
[BlackElo "1849"]
[PlyCount "67"]
[EventDate "2007.12.27"]
[EventType "swiss"]
[EventRounds "9"]
[EventCountry "POL"]
[SourceTitle "CBM 122 Extra"]
[Source "ChessBase"]
[SourceDate "2008.03.04"]
[SourceVersion "1"]
[SourceVersionDate "2008.03.04"]
[SourceQuality "1"]

1. e4 d6 2. d4 Nf6 3. Bd3 g6 4. Be3 Bg7 5. f3 Nc6 6. Ne2 e5 7. d5 Ne7 8. c4 c5 9. Nbc3 0-0 10. 0-0 Nd7 11. f4 exf4 12. Bxf4 Ne5 13. Ng3 Bg4 14. Qd2 a6 15. b3 Qa5 16. Rac1 Rad8 17. Be2 Bc8 18. Nd1 Qxd2 19. Bxd2 f5 20. Bg5 Rde8 21. Ne3 h6 22. Bxe7 Rxe7 23. exf5 Nd3 24. Bxd3 Rxe3 25. Bc2 Be5 26. fxg6 Bxg3 27. hxg3 Rxg3 28. Rxf8+ Kxf8 29. Rf1+ Kg8 30. Rf7 Re3 31. Rh7 Re2 32. g7 Rxc2 33. Rh8+ Kxg7 34. Rxc8 0-1

[Event "Ketrzyn op"]
[Site "Ketrzyn"]
[Date "2007.12.27"]
[Round "1"]
[White "Flak, Pawel"]
[Black "Borawski, Ryszard"]
[Result "1-0"]
[WhiteElo "2141"]
[BlackElo "1849"]
[PlyCount "40"]
[EventDate "2007.12.27"]
[EventType "swiss"]
[EventRounds "9"]
[EventCountry "POL"]
[SourceTitle "CBM 122 Extra"]
[Source "ChessBase"]
[SourceDate "2008.03.04"]
[SourceVersion "1"]
[SourceVersionDate "2008.03.04"]
[SourceQuality "1"]

1. d4 d5 2. Nf3 g6 3. c4 Nf6 4. Nc3 c6 5. cxd5 cxd5 6. Qb3 a6 7. Bg5 e6 8. Ne5 Be7 9. e3 h6 10. Bh4 g5 11. Bg3 Nh5 12. Be2 Nxg3 13. hxg3 Bf6 14. f4 Bxe5 15. fxe5 Nc6 16. Bh5 Qa5 17. 0-0 0-0 18. Rf6 Kg7 19. Raf1 Nd8 20. Qc2 Qxa2 1-0

[Event "Chojnice op-B 3rd"]
[Site "Chojnice"]
[Date "2007.07.17"]
[Round "6.23"]
[White "Borawski, Ryszard"]
[Black "Sliwicki, Damian"]
[Result "1-0"]
[WhiteElo "1866"]
[BlackElo "1701"]
[PlyCount "71"]
[EventDate "2007.07.13"]
[EventType "swiss"]
[EventRounds "9"]
[EventCountry "POL"]
[SourceTitle "EXT 2023"]
[Source "ChessBase"]
[SourceDate "2022.10.05"]
[SourceVersion "1"]
[SourceVersionDate "2022.10.05"]
[SourceQuality "1"]

1. d4 d5 2. c4 e5 3. dxe5 d4 4. Nf3 Nc6 5. g3 Bf5 6. Bg2 Bb4+ 7. Bd2 Bxd2+ 8. Nbxd2 Nge7 9. 0-0 0-0 10. a3 a5 11. Rc1 Rb8 12. Nb3 d3 13. exd3 Bxd3 14. Re1 Bf5 15. Nbd4 Bg4 16. h3 Nxd4 17. hxg4 Nxf3+ 18. Qxf3 Qd4 19. Rc3 Nc6 20. Qf4 Qc5 21. Rd3 Ne7 22. Rb3 Ng6 23. Qe4 b6 24. Rb5 Qe7 25. f4 Rfe8 26. g5 Nf8 27. Rd5 Rbd8 28. Red1 Ne6 29. Qf5 c6 30. Rd6 c5 31. R1d5 Nd4 32. Qg4 Ne2+ 33. Qxe2 Rxd6 34. Rxd6 Qxd6 35. exd6 Rxe2 36. d7 1-0

[Event "Chojnice op-B 3rd"]
[Site "Chojnice"]
[Date "2007.07.15"]
[Round "3.8"]
[White "Borawski, Ryszard"]
[Black "Marczuk, Dominik"]
[Result "0-1"]
[WhiteElo "1866"]
[BlackElo "1723"]
[PlyCount "64"]
[EventDate "2007.07.13"]
[EventType "swiss"]
[EventRounds "9"]
[EventCountry "POL"]
[SourceTitle "EXT 2023"]
[Source "ChessBase"]
[SourceDate "2022.10.05"]
[SourceVersion "1"]
[SourceVersionDate "2022.10.05"]
[SourceQuality "1"]

1. d4 d5 2. c4 dxc4 3. Nf3 Nf6 4. e3 e6 5. Bxc4 c5 6. 0-0 a6 7. a4 Nc6 8. Nc3 Be7 9. dxc5 Qxd1 10. Rxd1 Bxc5 11. e4 h6 12. Bf4 0-0 13. a5 Ng4 14. Bg3 Nf6 15. h3 Bb4 16. Bc7 Bxc3 17. bxc3 Nxe4 18. Ra3 Nf6 19. Nd4 Nxd4 20. Rxd4 Bd7 21. Be5 Bc6 22. Bxf6 gxf6 23. Be2 Rad8 24. Rf4 f5 25. c4 Kh7 26. g4 fxg4 27. hxg4 f5 28. gxf5 exf5 29. Rh3 Rg8+ 30. Rg3 Rxg3+ 31. fxg3 Re8 32. Bd3 Rf8 0-1